000 00758nam a2200265Ia 4500
003 OSt
005 20221006143914.0
006 a|||||r|||| 00| 0
007 ta
008 221006b |||||||| |||| 00| 0 eng d
020 _c15.00
024 _a10,362
037 _cTextual
040 _aEASL
_cEASL
_beng
041 _2eng
_aeng
082 _aW.41.N69, L6
100 _aMILTON David
_9269905
245 0 _aWind will not subside
_b Years in revolutionary China-1964-1969
260 _aNew York
_bPantheon Books
_c1976
300 _a397p.
_ccm.
490 _v CEL
_aPantheon asia Library
700 _a MILTON Nancy Dall
_9647930
942 _hW.41.N69, L6
_cTEXL
_2CC
999 _c1078448
_d1078448